Návrh systému opatrení na zlepšenie materiálového toku uplatnením metód priemyselného inžinierstva v podniku Schurter (SK) s.r.o.
Salvato in:
| Autore principale: | |
|---|---|
| Altri autori: | |
| Natura: | Manoscritto Libro |
| Lingua: | slovacco |
| Pubblicazione: |
2019
|
| Soggetti: | |
| Accesso online: | http://is.stuba.sk/zp/portal_zp.pl?podrobnosti=144071 |
| Tags: |
Nessun Tag, puoi essere il primo ad aggiungerne!!
|
MARC
| LEADER | 00000ntm a22000003a 4500 | ||
|---|---|---|---|
| 001 | stuzp72843 | ||
| 003 | SK-STU | ||
| 005 | 20190608211140.5 | ||
| 007 | ta | ||
| 008 | 150427s2015----xo-----f-mn---000-0-slo-d | ||
| 040 | |a STU |b slo | ||
| 041 | 0 | |a slo | |
| 100 | 1 | |a Bazala, Peter |u 064000 |k Z4 |4 aut |U MTF Materiálovotechnologická fakulta |T MTF Ústav priemyselného inžinierstva a manažmentu |X 73607 |U M4000 |Y 84 |7 73607 | |
| 242 | 0 | 1 | |a Proposal of system measures for material flow improvement by use of selected methods of industrial engineering in company Schurter (SK) s.r.o. |y eng |
| 245 | 1 | 0 | |a Návrh systému opatrení na zlepšenie materiálového toku uplatnením metód priemyselného inžinierstva v podniku Schurter (SK) s.r.o. |
| 260 | |c 2019 | ||
| 650 | 4 | |a logistika |2 slo | |
| 650 | 4 | |a mapovanie toku hodnoty |2 slo | |
| 650 | 4 | |a optimalizácia |2 slo | |
| 650 | 4 | |a logistics |2 eng | |
| 650 | 4 | |a value stream mapping |2 eng | |
| 650 | 4 | |a optimization |2 eng | |
| 700 | 1 | |a Fidlerová, Helena |u 064000 |k Z2 |4 ths |U MTF Materiálovotechnologická fakulta |T MTF Ústav priemyselného inžinierstva a manažmentu |X 3662 |U M4000 |Y 84 |7 A000003662 | |
| 856 | 4 | |u http://is.stuba.sk/zp/portal_zp.pl?podrobnosti=144071 | |
| 996 | |c M* DP-14017 |l MMSKP |s P |a 0 |w stuzp72843_0001 | ||